|
|
|
|
| LEADER |
00000nab a2200000 a 4500 |
| 001 |
vtls000909164 |
| 003 |
SK-MaSNL |
| 005 |
20260303171600.0 |
| 008 |
040720e20000000xo 0 slo |
| 035 |
|
|
|a KE18094
|
| 040 |
|
|
|a KEVKJB
|b slo
|c KEVKJB
|e AACR2
|
| 041 |
0 |
|
|a slo
|
| 044 |
|
|
|a xo
|c SK
|
| 080 |
|
|
|a 398.33
|2 1981
|
| 100 |
1 |
|
|a Turčanová, Katarína
|4 aut
|9 197522
|
| 245 |
1 |
0 |
|a Fašiangy
|b Mestské podujatia organizovali cechy
|
| 300 |
|
|
|b 1 obr.
|
| 650 |
0 |
7 |
|a zvyky ľudové
|2 KEVKJB
|9 553737
|
| 650 |
0 |
7 |
|a fašiangy
|2 KEVKJB
|9 30035
|
| 651 |
|
7 |
|a Košice (Slovensko)
|2 KEVKJB
|9 18694
|
| 773 |
0 |
8 |
|t Listy Košické
|g Roč. 2, č.1 (2000), s. 10
|
| 852 |
|
|
|a ZVYKNI
|b KIS3GCP
|
| 999 |
|
|
|c 2082321
|d 2084251
|